| Record ID | ia:healthydancerdan00ryan |
| Source | Internet Archive |
| Download MARC XML | https://archive.org/download/healthydancerdan00ryan/healthydancerdan00ryan_marc.xml |
| Download MARC binary | https://www.archive.org/download/healthydancerdan00ryan/healthydancerdan00ryan_meta.mrc |
LEADER: 00992cam 2200277 a 4500
001 89060616
003 DLC
005 19990716000000.0
008 890217t19891987njua b 001 0 eng
010 $a 89060616
020 $a091662286X :$c$24.95
040 $aDLC$cDLC$dDLC
050 00 $aRC1220.D35$bD36 1989
082 00 $a617.1/02$220
130 0 $aDance medicine.
245 14 $aThe healthy dancer :$bdance medicine for dancers : selected articles from Dance medicine : a comprehensive guide /$cedited by Allan J. Ryan and Robert E. Stephens.
250 $aAbridged ed.
260 $aPrinceton, NJ :$bPrinceton Book Co.,$c1989, c1987.
300 $axiv, 267 p. :$bill. ;$c23 cm.
500 $aAbridged ed. of: Dance medicine. c1987.
500 $a"A Dance Horizons book."
504 $aIncludes bibliographies and index.
650 0 $aDancing injuries.
650 0 $aDance$xPhysiological aspects.
700 1 $aRyan, Allan J.$q(Allan James),$d1915-
700 1 $aStephens, Robert E.,$cPh. D.